000 00394 a2200169 4500
001 72949
020 _a853224484X
040 _cAnchieta - Colégio São Paulo
100 _aRodrigue, Joelza Ester Domingues
240 1 0 _aHistória em documento
_lpor
245 1 0 _aHistória em documento
300 _a351
362 0 _a2000
440 1 _aFTD
650 4 _aHistória do mundo
942 _cBK
999 _c72949
_d72949